| 000 | 00496nam a2200133Ia 4500 | ||
|---|---|---|---|
| 008 | 221007s9999 xx 000 0 und d | ||
| 041 | _aeng | ||
| 082 | _bDEO | ||
| 100 |
_aDeokar Sayali S - 2k141056; Prof.Priyanka Potdar - Guide & [Company Name] - GKTCS Innovations Pvt Ltd. _9103740 |
||
| 245 | _aStudy Of Corporate And Institutional Client Relationship Management at GKTCS Innovations Pvt Ltd. | ||
| 260 |
_cSep-15 _bSavitribai Phule Pune University _aPune |
||
| 300 | _a57p | ||
| 906 | _bGeneral | ||
| 999 |
_c75073 _d75073 |
||